Statystyki dla Odpowiedź Zaczyna się na "J"

Kliknij tutaj aby rozwiązać quiz!

Ogólne statystyki

  • Ten quiz został rozwiązany 5 650 razy
    (4 081 od ostatniego zresetowania)
  • Średni wynik to 18 z 25

Statystyki odpowiedzi

PytanieOdpowiedź% Poprawnych
Jaką nazwę nosi piąta planeta Układu Słonecznego?Jowisz
98%
Jak miał na imię uczeń, który zdradził Jezusa?Judasz
96%
Jaki kraj określa się mianem "Kraju Wschodzącego Słońca"?Japonia
95%
Jaką nazwę nosi najdłuższa część ludzkiego przewodu pokarmowego?Jelito
93%
Jaką nazwę nosi występujący w Polsce ssak o ciele pokrytym ostrymi i twardymi kolcami?Jeż
92%
Jak miała na imię wybranka serca szekspirowskiego Romea?Julia
92%
Która religia jest dominującą w Izraelu?Judaizm
91%
Jaką nazwę nosi kraj północnoamerykański ze stolicą w Kingston?Jamajka
89%
Jak miał na nazwisko generał, który wprowadził w Polsce stan wojenny 13 grudnia 1981?Jaruzelski
88%
Jaką nazwę nosi krzew pasożyt pod którym według tradycji w okresie świąt należy się całować?Jemioła
86%
Jak miał na nazwisko muzyk często nazywany "Królem Popu"?Jackson
85%
Jakie imię przybrał jedyny papież Polak?Jan Paweł II
83%
Jak ma na imię najsłynniejszy brytyjski kinowy szpieg?James Bond
82%
Które miasto na bliskim wschodzie, określane jest mianem "Miasta Trzech Wielkich Religii"?Jerozolima
79%
Jaką nazwę nosi gatunek muzyki wykonywany przez Miles'a Davis'a czy Ellę Fitzgerald?Jazz
78%
Jaką nazwę nosi przędza i tkanina produkowana z włókna tworzącego kokon gąsienicy?Jedwab
68%
Jak brzmi nazwa anglosaskiej jednostki długości mierzącej 0,9114 metra?Jard
67%
Jak nazywała się francuska bohaterka nardowowa określana mianem "Dziewicy Orleańskiej"Joanna d'Arc
58%
Jaką nazwę nosi półwysep na którym znajduje się Dania?Jutlandzki
47%
Jaką nazwę nosi indonezysjka wyspa na której znajduje się stolica tego kraju?Jawa
45%
Jak miał na naziwsko pierwszy prezydent Federacji Rosyjskiej?Jelcyn
41%
Jak miał na nazwisko trzeci prezydent Stanów Zjednoczonych?Jefferson
34%
Jak brzmi inne określenie bursztynu?Jantar
32%
Jak potocznie określa się planetę Wenus widoczną nad horyzontem przed wschodem słońca?Jutrzenka
30%
Jak miała na imię mitologiczna żona Jowisza, opiekunka kobiet?Junona
27%

Rozkład punktacji

Percentyl według liczby udzielonych odpowiedzi

Procent ludzi z każdym wynikiem

Twoja historia wyników

Nie rozwiązałeś tego quizu od ostatniego zresetowania